| 000 | 00651nam a2200241 a 4500 | ||
|---|---|---|---|
| 001 | BRCA_7913 | ||
| 005 | 20190320210041.0 | ||
| 008 | 170214s1948----mx-a######---#000-0#spa-# | ||
| 041 | _aspa | ||
| 044 | _amx | ||
| 050 | 4 |
_aF1391.T3 _b.M33 1948 |
|
| 100 | 1 |
_aMacGregor, Luis _910500 |
|
| 245 | 1 | 0 |
_aTasco _ctextos de Luis MacGregor. |
| 260 |
_aMéxico _bArte _c1948 |
||
| 300 |
_a68 p. _bil., láminas _c16 cm. |
||
| 440 | 0 |
_aAnahuac de arte mexicano _v1 _919574 |
|
| 500 | _aY211 | ||
| 650 | 1 | 4 |
_aArquitectura _zTaxco, Guerrero _916285 |
| 650 | 1 | 4 |
_aArquitectura _zMéxico _9596 |
| 651 | 4 |
_aTaxco, Guerrero _910504 |
|
| 902 | _aGFM | ||
| 942 |
_2lcc _cB |
||
| 999 |
_c7585 _d7585 |
||